Configuring and tuning databases on the solaris platform

Guardat en:
Dades bibliogràfiques
Autor principal: Allan N. Packer
Format: Llibre
Idioma:Undetermined
Publicat: California Sun Microsytems Press 2002
Etiquetes: Afegir etiqueta
Sense etiquetes, Sigues el primer a etiquetar aquest registre!
Thư viện lưu trữ: Trung tâm Học liệu Trường Đại học Cần Thơ
LEADER 00444nam a2200157Ia 4500
001 CTU_65972
008 210402s9999 xx 000 0 und d
020 |b 800000 
082 |a 005.3682 
082 |b P119 
100 |a Allan N. Packer 
245 0 |a Configuring and tuning databases on the solaris platform 
260 |a California 
260 |b Sun Microsytems Press 
260 |c 2002 
980 |a Trung tâm Học liệu Trường Đại học Cần Thơ